000 00568nam a2200229Ia 4500
003 OSt
005 20221005114438.0
006 a|||||r|||| 00| 0
007 ta
008 221004b |||||||| |||| 00| 0 kan d
024 _a59853
037 _cTextual
040 _aCRL
_cCRL
_bkan
041 _2kan
_akan
082 _aO33:gx, N6
100 _aSetty T S Nagaraja Au.
_9625994
245 0 _aAswadane
260 _c1996
650 _aKANNAD LITERATURE
942 _hO33:gx, N6
_cTEXL
_2cc
999 _c1031377
_d1031377